000
00321nam a22001457a 4500
008
230913b ||||| |||| 00| 0 eng d
020
_a
9780385467988
041
_a
eng
080
_a
101
082
_a
101TIP
100
_a
44
101
_a
FILOZ
245
_a
THE PHYSICS OF IMMORTALITY
_c
TIPLER.J.F
942
_2
udc
_c
BK
999
_c
60368
_d
60368